| 000 | 01085nam a2200289Ia 4500 | ||
|---|---|---|---|
| 003 | OSt | ||
| 005 | 20221007125335.0 | ||
| 006 | a|||||r|||| 00| 0 | ||
| 007 | ta | ||
| 008 | 221006b |||||||| |||| 00| 0 eng d | ||
| 020 |
_a8185731004 (hbd) _cRs.650.00 |
||
| 024 | _a9378 | ||
| 037 |
_bEducational, _cTextual |
||
| 040 |
_aCDL _cCDL _beng |
||
| 041 |
_2eng _aeng |
||
| 082 | _aLZ3:(E), N6;1 | ||
| 100 |
_aSingh Harkishan _9721594 |
||
| 245 | 0 |
_aMedicinal and pharmaceutical chemistry by Harkishan Singh and V K Kapoor _b Kapoor V K |
|
| 260 |
_aDelhi _bVallabh Prakashan _c1996 |
||
| 300 |
_aviii, 671p _ccm. |
||
| 500 | _aAppendix 619-634p; Index 635-671p; ^n23/CSL/CARC/2001-2002/920^d2002-03-15^mPurchase; ; 2001-02/569^b2002-03-26^cEBA/247/2001-02^d2002-03-18^eRs.4,370.00^fEducational Book Agency (India); ; 2002-08-24^bSB^c2002-11-27^dRPS | ||
| 650 |
_a Pharmaceutical _9264492 |
||
| 650 | _aChemistry | ||
| 700 | _a Kapoor V K | ||
| 942 |
_hLZ3:(E), N6;1 _cTEXL _2CC |
||
| 999 |
_c1215110 _d1215110 |
||